Регионална библиотека "Любен Каравелов" - Русе

Записки (Запис номер 185287)

MARC детайли
000 -Лидер
Контролно поле с фиксирана дължина 02169nam a2200397 c 4500
003 - Код на организацията, давaща контролен номер
Контролно поле BLK
005 - Дата и час на последна редакция
Контролно поле 20250128125345.0
008 - Елементи от данни с фиксирана дължина
fixed length control field 180411b bul|||||r ||||||| ||bul||
010 ## - Наследен системен номер
LC control number KNG00194280000
040 ## - Източник на каталожния запис
Идентификатор на билиотеката - собственик на записа BLK
041 ## - Код за език
Код за езика на текст/звукозапис или на отделно заглавие Български
Код за езика КДБФ Български
080 ## - УДК
Текстов определител УДК История на Русия и СССР. Вж и 936 ; 957
УДК код - определител по УДК 94(470)
УДК определител (093)
УДК - код + определител 94(470)(093)
080 ## - УДК
Текстов определител УДК
УДК код - определител по УДК 949.72.042/.043
УДК определител (093)
УДК - код + определител 949.72.042/.043(093)
100 1# - Редна дума - Автор
Автор Игнатиев, Николай Павлович
Авторска отговорност първи автор
R(LIN) 376609
139 ## - Редно поле
Редна дума Игнатиев, Николай Павлович
Авторски знак Игн - И 29
245 10 - Сведения за заглавието
Заглавие Записки
Подзаглавни данни 1875-1878
Редно поле (дума) Николай Павлович Игнатиев; състав. и бел. Иван Илчев; прев. от рус. Константин Димитров Косев.
257 ## - Страна на издаване
Страна на създаване/издаване Русия
260 ## - Област на издателските данни
-- София
Име на издателя, разпространителя и проч. ОФ
Година на издаване 1986
Печатница В. Търново : Д. Найденов
300 ## - Физическа характеристика
Страници 848 с.
Размери/Мащаб 21 см
380 ## - Жанр
Жанр История
490 1# - СЕРИИ (Колекции)
Име на серия Поредица Дневници и спомени за българската история
500 ## - Общи забележки
Забележка Прев. е направен от Записки графа Н. П. Игнатьева ; Сан-Стефано ; После Сан-Стефано. - Пълното име на състав. е Иван Илчев Димитров. - 10 200 тир.
650 #4 - Допълнително описание по предмет – тема
Основно описание – тема или топоним Дипломация - Русия
9 (RLIN) 268807
650 #4 - Допълнително описание по предмет – тема
Основно описание – тема или топоним Русия - външна политика - история
9 (RLIN) 249460
650 #4 - Допълнително описание по предмет – тема
Основно описание – тема или топоним Източен въпрос
9 (RLIN) 249465
650 #4 - Допълнително описание по предмет – тема
Основно описание – тема или топоним Националноосвободително движение - България - спомени
9 (RLIN) 249697
650 #7 - Допълнително описание по предмет – тема
Основно описание – тема или топоним Руско-турска освободителна война 1877 - 1878 - спомени
Източник на редна или ключова дума
9 (RLIN) 170048
700 1# - Други автори (авторска отговорност)
Лично име Илчев, Иван
Автороска отговорност (Описва отношението между автора и произведението) състав. и бел.
Друга информация Димитров, Иван Илчев
9 (RLIN) 366324
700 1# - Други автори (авторска отговорност)
Лично име Косев, Константин Димитров
Автороска отговорност (Описва отношението между автора и произведението) прев. от рус.
9 (RLIN) 363863
852 ## - Местоположение
Форматна сигнатура Цб 143520
856 4# - Електронен адрес и достъп
Електронен формат pdf - файл
Път до файла /url/
856 4# - Електронен адрес и достъп
Електронен формат pdf - файл
Път до файла /url/
942 ## - АРТИКУЛИ
Вид на библиотечния материал Книги
Скрит в OPAC Не
Koha issues (borrowed), all copies 1
944 ## - СЪЗДАВАНЕ И РЕДАКЦИЯ на ЗАПИСА
Създаване/Редакция Създаване
Дата на регистрацията/редакция 24.10.2016
Служител, извършил регистрацията/редакцията 30560
Статус, дата на статуса Геновева Генчева
944 ## - СЪЗДАВАНЕ И РЕДАКЦИЯ на ЗАПИСА
Създаване/Редакция Редакция
Дата на регистрацията/редакция 24.10.2016
Служител, извършил регистрацията/редакцията Кети_Илиева
999 ## - СИСТЕМНИ КОНТРОЛНИ НОМЕРА
Koha biblionumber 185287
Koha biblioitemnumber 185287
Наличности
Код за отписване Код за изгубен артикул Източник на класификационната схема Код за повреда Коз за рестрикции Код за отдаване Артикулен № Име на библиотеката - собственик Име на библиотеката, в която се намира в момента Статус (Текущо местоположение) Дата на вписване в системата Местоположение - отдел Цена в лева Инвентарен номер Систематично азбучна сигнатура Баркод Номер на екземпляра Цена в евро Служебна бележка Служебен тип на артикула
  Не е изгубен Universal Decimal Classification Не е повреден без рестрикции ползва се в читалня 320880 Регионална библиотека "Любен Каравелов" Русе Регионална библиотека "Любен Каравелов" Русе Хранилище 1986-01-01 Хранилище 3.00 454050 Цб 143520 120000454050 1 1.53 Вид: Сф Дата: 01.01.1986 Книги
Изтеглен Не е изгубен Universal Decimal Classification Не е повреден без рестрикции заемане за дома 320881 Регионална библиотека "Любен Каравелов" Русе Регионална библиотека "Любен Каравелов" Русе Заемна - подръчен фонд 1986-01-01 Заемна - подръчен фонд 3.00 452855 П 947/И 29 452855 2 1.53 Вид: Сф Дата: 01.01.1986 Книги
Изтеглен Не е изгубен Universal Decimal Classification Не е повреден без рестрикции заемане за дома 320882 Регионална библиотека "Любен Каравелов" Русе Регионална библиотека "Любен Каравелов" Русе Заемна - подръчен фонд 1986-01-01 Заемна - подръчен фонд 3.00 457586 П 947/И 29 457586 3 1.53 Вид: Сф Дата: 01.01.1986 Книги
Изтеглен Не е изгубен Universal Decimal Classification Не е повреден без рестрикции заемане за дома 320883 Регионална библиотека "Любен Каравелов" Русе Регионална библиотека "Любен Каравелов" Русе Заемна - подръчен фонд 1986-01-01 Заемна - подръчен фонд 3.00 457587 П 947/И 29 457587 4 1.53 Вид: Сф Дата: 01.01.1986 Книги
Изтеглен Не е изгубен Universal Decimal Classification Не е повреден без рестрикции заемане за дома 320884 Регионална библиотека "Любен Каравелов" Русе Регионална библиотека "Любен Каравелов" Русе Заемна - подръчен фонд 1986-01-01 Заемна - подръчен фонд 3.00 457588 П 947/И 29 457588 5 1.53 Вид: Сф Дата: 01.01.1986 Дата инв: 16.02.2018 Бележки инв: П2018 Книги
Изтеглен Не е изгубен Universal Decimal Classification Не е повреден без рестрикции заемане за дома 320885 Регионална библиотека "Любен Каравелов" Русе Регионална библиотека "Любен Каравелов" Русе Заемна - подръчен фонд 1986-01-01 Заемна - подръчен фонд 3.00 457589 94(47)/И 29 Н 457589 6 1.53 Вид: Сф Дата: 01.01.1986 Дата инв: 07.02.2018 Бележки инв: П2018 Книги
Vip Innovations Ltd, Rousse, Bulgaria 2025